Waiving and drowning (Record no. 83372)
[ view plain ]
| 000 -LEADER | |
|---|---|
| fixed length control field | 01626cab a22002775a 4500 |
| 001 - CONTROL NUMBER | |
| control field | L153779 |
| 008 - FIXED-LENGTH DATA ELEMENTS--GENERAL INFORMATION | |
| fixed length control field | 110830s2011 xxk 000 0 eng d |
| 035 ## - SYSTEM CONTROL NUMBER | |
| System control number | (Sirsi) u153779 |
| 041 0# - LANGUAGE CODE | |
| Language code of text/sound track or separate title | eng |
| 100 1# - MAIN ENTRY--PERSONAL NAME | |
| Personal name | Gilbert, Dellah |
| 245 00 - TITLE STATEMENT | |
| Title | Waiving and drowning |
| Remainder of title | handling break notices with care |
| 260 ## - PUBLICATION, DISTRIBUTION, ETC. | |
| Date of publication, distribution, etc. | 2011 |
| 490 #0 - SERIES STATEMENT | |
| Series statement | Hogan Lovells Real Estate Quarterly |
| Volume/sequential designation | Summer 2011, 7-9(3) |
| 520 ## - SUMMARY, ETC. | |
| Summary, etc. | Examines recent case law highlighting the difficulties encountered by tenants in serving valid break notices, specifically "MW Trustees Limited, Robert Posel and Pamela Posel v Telular Corporation"[2011] EWHC104 (see L152967). Sets out the legal framework, both statute and case law , relating to the service tenants' contractual break notice. Provides an analysis of the facts of 'Telular' and the judgment which may have turned the tables in favour of tenants. Tenants should take legal advice to ensure the valid operation of a break clause because the consequences of getting it wrong can be disastrous. Landlords also when receiving potentially defective should get legal help. |
| 590 ## - LOCAL NOTE (RLIN) | |
| Local note | KA |
| 650 24 - SUBJECT ADDED ENTRY--TOPICAL TERM | |
| Topical term or geographic name entry element | MANNAI INVESTMENT CO LTD V EAGLE STAR LIFE ASSURANCE CO LTD UK |
| 650 24 - SUBJECT ADDED ENTRY--TOPICAL TERM | |
| Topical term or geographic name entry element | LEMMERBELL LTD AND ANOTHER V BRITANNIA LAS DIRECT LTD |
| 650 24 - SUBJECT ADDED ENTRY--TOPICAL TERM | |
| Topical term or geographic name entry element | PRUDENTIAL V EXEL UK |
| 650 24 - SUBJECT ADDED ENTRY--TOPICAL TERM | |
| Topical term or geographic name entry element | ORCHARD (DEVELOPMENTS) HOLDINGS PLC V REUTERS LTD |
| 650 24 - SUBJECT ADDED ENTRY--TOPICAL TERM | |
| Topical term or geographic name entry element | HOTGROUP V ROYAL BANK OF SCOTLAND |
| 650 24 - SUBJECT ADDED ENTRY--TOPICAL TERM | |
| Topical term or geographic name entry element | MW TRUSTEES LTD AND ORS V TELULAR CORPORATION |
| 650 24 - SUBJECT ADDED ENTRY--TOPICAL TERM | |
| Topical term or geographic name entry element | LAW OF PROPERTY ACT 1925 |
| 651 #4 - SUBJECT ADDED ENTRY--GEOGRAPHIC NAME | |
| Geographic name | England and Wales |
| Chronological subdivision | 1543- |
| 690 ## - LOCAL SUBJECT ADDED ENTRY--TOPICAL TERM (OCLC, RLIN) | |
| Topical term or geographic name as entry element | PROPERTY-COMMERCIAL PROPERTY-LANDLORD AND TENANT |
| 942 ## - ADDED ENTRY ELEMENTS (KOHA) | |
| Suppress in OPAC | 0 |
| Withdrawn status | Lost status | Source of classification or shelving scheme | Damaged status | Not for loan | Home library | Current library | Shelving location | Date acquired | Total Checkouts | Full call number | Barcode | Date last seen | Copy number | Price effective from | Koha item type |
|---|---|---|---|---|---|---|---|---|---|---|---|---|---|---|---|
| Dewey Decimal Classification | London | London | Journal article | 30/08/2011 | L153779 | 153779-1001 | 06/08/2019 | 1 | 06/08/2019 | Journal article |